00312cam a22001097a 4500008004000000082001700040100001700057245006200074260002700136300001000163650002900173180718b1976 xxu||||| |||| 00| 0 eng d aB135x54 Sh92 aShukla, N.K. aThe social structure of an Indian villagecby N.K. Shukla aNew DelhibCosmoc1976 a185p. aSociology, Rural - India